[Event "Amateur-Pokal Sen"]
[Site "?"]
[Date "2001.??.??"]
[Round "8"]
[White "Moeckel, Edgar"]
[Black "Schampel, Arno"]
[Result "1-0"]
[WhiteElo "1842"]
[BlackElo "1698"]
[Annotator "ChessOrg"]
[PlyCount "115"]

1. d4 d5 2. Nf3 Nf6 3. c4 c6 4. Nc3 dxc4 5. a4 e6 6. e3 Bb4 7. Bxc4 Ne4 8. Qc2
Nxc3 9. bxc3 Be7 10. O-O Nd7 11. Bd3 Nf6 12. e4 h6 13. e5 Nd5 14. Bd2 Bd7 15.
Rfb1 Rb8 16. c4 Nc7 17. a5 c5 18. Be4 b6 19. axb6 axb6 20. d5 exd5 21. cxd5 Nb5
22. d6 Bg5 23. Bxg5 hxg5 24. h3 Kf8 25. Qc4 Qe8 26. Bd3 Nd4 27. Nxd4 cxd4 28.
Qxd4 Rh4 29. Qe3 Qd8 30. Rc1 g4 31. hxg4 Rxg4 32. Be2 Rg6 33. Qf4 Qe8 34. Rc7
Re6 35. Bg4 Ra8 36. Rxa8 Qxa8 37. Bxe6 Bxe6 38. Qc1 Qd8 39. Qc6 g6 40. Qxb6 Qa8
41. Ra7 Qd5 42. Qd8+ Kg7 43. Qf6+ Kh7 44. Ra1 Qd4 45. Re1 Qd2 46. Re4 g5 47.
Qf3 Kg7 48. Qe3 Qd1+ 49. Qe1 Qd5 50. Re2 Bd7 51. Qd2 Qxd2 52. Rxd2 Kg6 53. f3
Kf5 54. Re2 Kf4 55. Kf2 Bb5 56. g4 Bc6 57. Re4+ Bxe4 58. fxe4 1-0

[Event "Amateur-Pokal Sen"]
[Site "?"]
[Date "2001.??.??"]
[Round "8"]
[White "Yazdkhasti, Parvis"]
[Black "Scheerer, Helmut"]
[Result "0-1"]
[WhiteElo "1720"]
[BlackElo "1855"]
[Annotator "ChessOrg"]
[PlyCount "74"]

1. c4 Nf6 2. Nc3 e5 3. e3 Be7 4. g3 Nc6 5. Bg2 d6 6. Nge2 O-O 7. O-O Bf5 8. a3
Qd7 9. d3 Bh3 10. f3 Bxg2 11. Kxg2 Rad8 12. e4 h6 13. Be3 Nh7 14. Nd5 Bg5 15.
f4 exf4 16. Nexf4 Ne5 17. h3 c6 18. Nc3 b6 19. Qe2 Rde8 20. Rad1 Bxf4 21. gxf4
Ng6 22. Qh5 Nf6 23. Qe2 Qe7 24. Qf2 Nh7 25. Kh2 f5 26. Rg1 Nh4 27. Rg3 fxe4 28.
Nxe4 Nf5 29. Rf3 d5 30. Bd2 dxe4 31. dxe4 Qxe4 32. Re3 Nxe3 33. Re1 Qxf4+ 34.
Qxf4 Rxf4 35. Rxe3 Rxe3 36. Bxe3 Rxc4 37. Kg3 Nf6 0-1

[Event "Amateur-Pokal Sen"]
[Site "?"]
[Date "2001.??.??"]
[Round "8"]
[White "Radtke, Eduard"]
[Black "Wolf, Margot"]
[Result "1-0"]
[WhiteElo "1980"]
[BlackElo "1311"]
[Annotator "ChessOrg"]
[PlyCount "59"]

1. e4 c6 2. d4 d5 3. Nc3 dxe4 4. Nxe4 Bf5 5. Ng3 Bg6 6. Bc4 e6 7. N1e2 h6 8.
O-O Nf6 9. f4 Be7 10. f5 exf5 11. Nxf5 Bxf5 12. Rxf5 O-O 13. c3 Nbd7 14. Bd2
Bd6 15. Qf1 Qc7 16. h3 Rae8 17. Re1 Qb6 18. Bb3 c5 19. Kh1 cxd4 20. cxd4 Bb4
21. Bc3 Bd6 22. Qf3 Qc7 23. Rf1 Qd8 24. Nc1 b6 25. Nd3 Qe7 26. Ne5 Qd8 27. Ng6
Be7 28. Nxf8 Kxf8 29. Qc6 a5 30. Qc4 1-0

[Event "Amateur-Pokal Sen"]
[Site "?"]
[Date "2001.??.??"]
[Round "8"]
[White "Oser, Thor"]
[Black "Fleckner, Hans"]
[Result "1/2-1/2"]
[WhiteElo "1657"]
[BlackElo "1819"]
[Annotator "ChessOrg"]
[PlyCount "99"]

1. e4 c5 2. b3 d6 3. Bb2 e6 4. Nf3 Nf6 5. d3 Be7 6. Be2 Nc6 7. O-O O-O 8. Nbd2
a6 9. a4 Qc7 10. h3 d5 11. Bxf6 Bxf6 12. Rb1 Bd7 13. c4 d4 14. g3 e5 15. Kh2
Be7 16. Ng1 f5 17. exf5 Bxf5 18. f3 Rf6 19. Ne4 Rf7 20. Qd2 h6 21. h4 Raf8 22.
Nh3 Qd7 23. Nhf2 Qd8 24. Rh1 Bg6 25. Kg2 Bf5 26. Rbf1 Nb8 27. Ra1 Nd7 28. Rab1
a5 29. Rbf1 Qb6 30. Bd1 Qg6 31. Be2 Ra8 32. Ra1 Nf8 33. Rag1 Qb6 34. Bd1 Qd8
35. Be2 Ra6 36. Kf1 Bd7 37. Bd1 Qb6 38. Kg2 Qd8 39. Kf1 Rg6 40. Be2 Bc6 41. Ke1
Nd7 42. Bd1 Nf6 43. Nxf6+ Rgxf6 44. Ne4 Bxe4 45. dxe4 Qb6 46. Rf1 Rg6 47. Rhg1
Qd8 48. Qd3 Qd7 49. Qd2 Qh3 50. Qf2 1/2-1/2

[Event "Amateur-Pokal Sen"]
[Site "?"]
[Date "2001.??.??"]
[Round "9"]
[White "Fleckner, Hans"]
[Black "Wolf, Alfred"]
[Result "0-1"]
[WhiteElo "1819"]
[BlackElo "1725"]
[Annotator "ChessOrg"]
[PlyCount "42"]

1. e4 d6 2. d4 Nf6 3. Nc3 g6 4. f4 Bg7 5. Nf3 c5 6. Bb5+ Bd7 7. e5 Ng4 8. Bxd7+
Qxd7 9. d5 dxe5 10. h3 exf4 11. Bxf4 Nf6 12. O-O O-O 13. Re1 Na6 14. Qd2 Nb4
15. Rad1 Rad8 16. Qf2 Nh5 17. Ne5 Qf5 18. Bg3 Nxg3 19. Qxg3 Nxc2 20. Re2 Nd4
21. Re4 Qxe4 0-1

[Event "Amateur-Pokal Sen"]
[Site "?"]
[Date "2001.??.??"]
[Round "9"]
[White "Scheerer, Helmut"]
[Black "Radtke, Eduard"]
[Result "0-1"]
[WhiteElo "1855"]
[BlackElo "1980"]
[Annotator "ChessOrg"]
[PlyCount "86"]

1. e4 c5 2. Nf3 d6 3. d4 cxd4 4. Nxd4 Nf6 5. Nc3 g6 6. Be2 Nc6 7. Be3 Bg7 8.
O-O O-O 9. h3 Bd7 10. f4 Rc8 11. Nb3 a6 12. Qd2 b5 13. a3 Re8 14. Rac1 Qc7 15.
Bf3 Be6 16. Nd5 Qb8 17. Nd4 Nxd4 18. Bxd4 Nxd5 19. exd5 Bxd4+ 20. Qxd4 Rc4 21.
Qe3 Bf5 22. c3 e5 23. dxe6 Rxe6 24. Qd2 Qb6+ 25. Kh2 Be4 26. Be2 Rc8 27. c4
Rce8 28. Rg1 Bb7 29. Bf1 Re3 30. Rd1 R8e6 31. Bd3 Qd4 32. cxb5 axb5 33. Rgf1
Qd5 34. Rf2 Qh5 35. Bf1 Qh4 36. f5 Qg3+ 37. Kg1 Rf6 38. Bxb5 gxf5 39. Bd3 f4
40. Qc3 Rfe6 41. Qd4 Rxd3 42. Qxd3 Re1+ 43. Qf1 Rxf1+ 0-1

[Event "Amateur-Pokal Sen"]
[Site "?"]
[Date "2001.??.??"]
[Round "9"]
[White "Schampel, Arno"]
[Black "Yazdkhasti, Parvis"]
[Result "1-0"]
[WhiteElo "1698"]
[BlackElo "1720"]
[Annotator "ChessOrg"]
[PlyCount "71"]

1. d4 d5 2. Nf3 Bf5 3. c4 e6 4. cxd5 exd5 5. Nc3 Bb4 6. Bd2 Nc6 7. e3 a6 8. a3
Ba5 9. Rc1 Nge7 10. Nh4 Be6 11. Bd3 Qd7 12. Nf3 Bg4 13. h3 Bf5 14. Qc2 Bxd3 15.
Qxd3 f5 16. b4 Bb6 17. Na4 O-O 18. Nc5 Qc8 19. O-O Ba7 20. Qb3 Kh8 21. Nd3 Nd8
22. b5 axb5 23. Qxb5 c6 24. Qb4 Qc7 25. Nf4 Bb8 26. Nxd5 Qd6 27. Nxe7 Rxa3 28.
Nc8 Qf6 29. Qxa3 Ne6 30. Nb6 Qd8 31. Nc4 g5 32. Nfe5 f4 33. Bb4 Kg7 34. Bxf8+
Nxf8 35. Qb2 h5 36. Qxb7+ 1-0

[Event "Amateur-Pokal Sen"]
[Site "?"]
[Date "2001.??.??"]
[Round "9"]
[White "Turboust, Roger"]
[Black "Moeckel, Edgar"]
[Result "1/2-1/2"]
[WhiteElo "1850"]
[BlackElo "1842"]
[Annotator "ChessOrg"]
[PlyCount "78"]

1. e4 c6 2. Nc3 d5 3. exd5 cxd5 4. Bb5+ Nc6 5. d4 a6 6. Bxc6+ bxc6 7. Nf3 Bf5
8. Ne2 e6 9. Ne5 Rc8 10. g4 Be4 11. f3 Bg6 12. Bf4 Ne7 13. c3 Qb6 14. Qd2 h5
15. Nxg6 Nxg6 16. g5 c5 17. Be3 Nh4 18. O-O Nf5 19. Bf2 Bd6 20. f4 g6 21. h4
O-O 22. Kh1 Rb8 23. b3 Rfc8 24. Ng3 Nxg3+ 25. Bxg3 cxd4 26. cxd4 Bb4 27. Qf2
Ba3 28. f5 Rb7 29. fxg6 fxg6 30. Qf6 Kh7 31. Be5 Rf8 32. Qxf8 Bxf8 33. Rxf8 Rg7
34. Rb8 Qc6 35. Rf1 Qc2 36. Rbf8 Qe4+ 37. R1f3 Qxh4+ 38. Kg2 Qg4+ 39. Kf2 Qh4+
1/2-1/2